000 01261nam a2200241Ia 4500
003 Ost
005 20260507074852.0
008 260507s9999||||xx |||||||||||||| ||und||
020 _a9774100182
040 _cfsecg
041 _aara
082 _a338
100 _aعبد الوهاب، ابراهيم طه
_eمؤلف
245 0 _aمحاسبة البترول /
_c ابراهيم طه عبد الوهاب
260 _aالمنصورة:
_bالمكتبة العصرية للنشر والتوزيع,
_c2006
300 _a339 صفحة؛
_bإيضاحات ؛
_c24 سم
504 _aبيبليوغرافيا: ص.331
520 _aصناعة البترول والمحاسبة عن انتاج البترول، التنظيم المحاسبي في مراحل انتاج البترول، التنظيم المحاسبي لأهم المشكلات المحاسبية والاتفاقيات البترولية ونتائج النشاط في منشآت البترول، النظام المحاسبي لقياس نتائج نشاط منشآت ناقلات البترول ومعالجة آثار تقلبات الطلب عليها
653 _aالبترول- اقتصاديات
653 _aالمحاسبة
653 _aبترول-نقل
942 _cكتاب
999 _c41581
_d41581